| 000 | 00000nas 2200000za 4500 |
| 001 | 9.503060 |
| 003 | CaOODSP |
| 005 | 20230925153744 |
| 007 | cr ||||||||||| |
| 008 | 150406d20082008xxc|| p o||||f| |0fre|d |
| 040 | |aCaOODSP|bfre |
| 043 | |an-cn--- |
| 086 | 1 |aR61-66F-PDF |
| 245 | 00|aParc national du Canada Yoho, rapport sur l'état du parc. |
| 264 | 1|aGatineau, Québec : |bParcs Canada, |cavril 2008. |
| 310 | |aIrrégulier |
| 362 | 1 |aParaît depuis et ne paraît plus après 2008. |
| 691 | 07|aParc national|2gcpds |
| 710 | 2 |aParcs Canada, |eorganisme de publication. |
| 775 | 08|tYoho National Park of Canada, state of the park report |w(CaOODSP)9.506630 |